Técnica del urbanismo: el planeamiento de las aglomeraciones urbanas

Uloženo v:
Podrobná bibliografie
Hlavní autor: Auzelle, Robert (Autor)
Médium: Kniha
Jazyk:španělština
Vydáno: Buenos Aires EUDEBA 1959
Edice:Colección Cuadernos, 14
Témata:
Tagy: Přidat tag
Žádné tagy, Buďte první, kdo vytvoří štítek k tomuto záznamu!

MARC

LEADER 00000nam a2200000 a 4500
001 UCV6012
003 CL-VaPUC
008 930819e19590000AG |||||||||||||||||spa|d
082 0 4 |a 711.4  |b AUZ  |2 21 
100 0 |a Auzelle, Robert  |e author  |9 300237 
245 1 0 |a Técnica del urbanismo: el planeamiento de las aglomeraciones urbanas 
300 |a 63 p 
942 |c BK 
945 |d 19930819 00:00:00 
260 |a Buenos Aires  |b EUDEBA  |c 1959 
650 0 |a Urbanismo  |9 255208 
583 |a last modification  |c 19930819 00:00:00  |k Rodrigo Vera 
490 0 |a Colección Cuadernos, 14 
999 |c 212276  |d 212274 
952 |0 0  |1 0  |4 0  |6 711_400000000000000_AUZ_1959  |7 0  |8 P  |9 192914  |a BIBARQ  |b BIBARQ  |d 2019-11-14  |i 2605732  |o 711.4 AUZ 1959  |p 2605732  |r 2025-01-20  |w 2019-11-14  |y BK  |k ARQ 
952 |0 0  |1 0  |4 0  |6 711_400000000000000_AUZ_1959  |7 0  |8 P  |9 192915  |a BIBARQ  |b BIBARQ  |d 2019-11-14  |i 2605740  |o 711.4 AUZ 1959  |p 2605740  |r 2025-01-20  |w 2019-11-14  |y BK  |k ARQ